| 000 | 00777nam a2200253Ia 4500 | ||
|---|---|---|---|
| 003 | OSt | ||
| 005 | 20220930190915.0 | ||
| 006 | a|||||r|||| 00| 0 | ||
| 007 | ta | ||
| 008 | 220926b |||||||| |||| 00| 0 eng d | ||
| 024 | _a2263 | ||
| 037 | _cDissertations | ||
| 040 |
_aCRL _cCRL _beng |
||
| 041 |
_2eng _aeng |
||
| 100 |
_aMoudgil V K _9559540 |
||
| 110 | _aUniversity of Delhi. Faculty of Medical Sciences. Department of Surgery | ||
| 245 | 0 | _aMediastinoscopy as a diagnostic procedure | |
| 260 | _c1973 | ||
| 650 | _aSURGERY | ||
| 700 |
_a Dr S Mukherjee Supervisor _9520339 |
||
| 700 | _aUniversity of Delhi. Faculty of Medical Sciences. Department of Surgery | ||
| 942 |
_cDIS _2CC |
||
| 999 |
_c893296 _d893296 |
||